000 00430nam a2200169 a 4500
001 27157
005 20180713225819.0
008 140415s1992 000 0 spa d
020 _a9701000765
041 _aspa
082 _a658.155
_bBLA
100 1 _aT. BLANK, LELAND
245 1 0 _aINGENIERIA ECONOMICA
250 _a3ª EDICIÓN
260 _a[s.l.] :
_bMC GRAW HILL,
_c1992
300 _a545
_c17 x 4 x 23
999 _c27157
_d27157